Counties that Start with G - Statistics

General Stats
  • This quiz has been taken 118 times
  • The average score is 52 of 146
Answer Stats
County State % Correct
Grant Arkansas | Indiana | Kansas | +12 others
89%
Green Kentucky | Wisconsin
89%
George Mississippi
74%
Grand Colorado | Utah
68%
Gray Kansas | Texas
63%
Greene Alabama | Arkansas | Georgia | +11 others
63%
Gila Arizona
53%
Gordon Georgia
53%
Graham Arizona | Kansas | North Carolina
53%
Gaston North Carolina
47%
Glenn California
47%
Garfield Colorado | Montana | Nebraska | +3 others
42%
Grayson Kentucky | Texas | Virginia
42%
Gaines Texas
37%
Garrett Maryland
37%
Gates North Carolina
37%
Gibson Indiana | Tennessee
37%
Glades Florida
37%
Gladwin Michigan
37%
Granite Montana
37%
Greenlee Arizona
37%
Gage Nebraska
32%
Garden Nebraska
32%
Garland Arkansas
32%
Georgetown South Carolina
32%
Grafton New Hampshire
32%
Grand Forks North Dakota
32%
Grand Traverse Michigan
32%
Greenville South Carolina
32%
Gadsden Florida
26%
Galveston Texas
26%
Gloucester New Jersey | Virginia
26%
Gonzales Texas
26%
Gove Kansas
26%
Graves Kentucky
26%
Grays Harbor Washington
26%
Greeley Kansas | Nebraska
26%
Gregory South Dakota
26%
Gunnison Colorado
26%
Gentry Missouri
21%
Gilmer Georgia | West Virginia
21%
Golden Valley Montana | North Dakota
21%
Grand Isle Vermont
21%
Greenbrier West Virginia
21%
Gregg Texas
21%
Gwinnett Georgia
21%
Gallia Ohio
16%
Garza Texas
16%
Geary Kansas
16%
Geauga Ohio
16%
Gem Idaho
16%
Genesee Michigan | New York
16%
Gilchrist Florida
16%
Giles Tennessee | Virginia
16%
Gilpin Colorado
16%
Glacier Montana
16%
Gogebic Michigan
16%
Goliad Texas
16%
Goochland Virginia
16%
Goshen Wyoming
16%
Gosper Nebraska
16%
Grady Georgia | Oklahoma
16%
Grainger Tennessee
16%
Gratiot Michigan
16%
Green Lake Wisconsin
16%
Greenwood Kansas | South Carolina
16%
Greer Oklahoma
16%
Guernsey Ohio
16%
Gallatin Illinois | Kentucky | Montana
11%
Garrard Kentucky
11%
Garvin Oklahoma
11%
Glasscock Texas
11%
Goodhue Minnesota
11%
Gooding Idaho
11%
Greensville Virginia
11%
Greenup Kentucky
11%
Grundy Illinois | Iowa | Missouri | Tennessee
11%
Gulf Florida
11%
Gasconade Missouri
5%
Geneva Alabama
5%
Gillespie Texas
5%
Glascock Georgia
5%
Glynn Georgia
5%
Grenada Mississippi
5%
Griggs North Dakota
5%
Grimes Texas
5%
Guadalupe New Mexico | Texas
5%
Guilford North Carolina
5%
Guthrie Iowa
5%
Galax Virginia
0%
Gilliam Oregon
0%
Granville North Carolina
0%
No matching quizzes found
Score Distribution
Percent of People with Each Score
Percentile by Number Answered
Your Score History
You have not taken this quiz